उल्टी गिनती (Record no. 1197)

MARC details
000 -LEADER
fixed length control field 01099 a2200241 4500
005 - DATE AND TIME OF LATEST TRANSACTION
control field 20080905111134.0
008 - FIXED-LENGTH DATA ELEMENTS--GENERAL INFORMATION
fixed length control field 080905t xxu||||| |||| 00| 0 hin d
010 ## - LIBRARY OF CONGRESS CONTROL NUMBER
LC control number HIN-79075
020 ## - INTERNATIONAL STANDARD BOOK NUMBER
Terms of availability 150.00
International Standard Book Number 8190266144
035 ## - SYSTEM CONTROL NUMBER
System control number HN-51422
037 ## - SOURCE OF ACQUISITION
Source of stock number/acquisition D.B.Act / pub
082 ## - DEWEY DECIMAL CLASSIFICATION NUMBER
Classification number
100 ## - MAIN ENTRY--PERSONAL NAME
Personal name भाटी, चेतना
245 ## - TITLE STATEMENT
Title उल्टी गिनती
Statement of responsibility, etc चेतना भाटी
246 ## - VARYING FORM OF TITLE
Title proper/short title Ulti Ginati
Remainder of title by Chetna Bhati
260 ## - PUBLICATION, DISTRIBUTION, ETC. (IMPRINT)
Place of publication, distribution, etc दिल्ली
Name of publisher, distributor, etc प्रगतिशील प्रकाशन
Date of publication, distribution, etc 2006
270 ## - ADDRESS
Address 16, अंसारी रोड, शांतिमोहन हाउस, प्रथम मंजिल, दरियागंज
City दिल्ली
Postal code 110002
300 ## - PHYSICAL DESCRIPTION
Extent 127पृ
Dimensions 22 सेमी (सजिल्द)
650 ## - SUBJECT ADDED ENTRY--TOPICAL TERM
Topical term or geographic name as entry element कहानियाँ
650 ## - SUBJECT ADDED ENTRY--TOPICAL TERM
Topical term or geographic name as entry element Stories
942 ## - ADDED ENTRY ELEMENTS (KOHA)
Institution code [OBSOLETE] dpl
Koha item type Hindi Books
Call number prefix क / भाटीचे
Source of classification or shelving scheme Dewey Decimal Classification
Classification part
Call number suffix भाटीचे
Holdings
Withdrawn status Lost status Damaged status Not for loan Collection code Home library Current library Date acquired Cost, normal purchase price Total Checkouts Full call number Barcode Date last seen Copy number Uniform Resource Identifier Cost, replacement price Price effective from Koha item type
      Not For Loan Fiction D.B.Act.Division D.B.Act.Division 05/09/2008 150.00   क भाटीचे HN-51422 15/09/2008 1 1262 150.00 15/09/2008 Hindi Books

© Delhi Public Library
Hit Counter
free hit counter